000 00518nam a2200217 a 4500
001 BRCA_6860
005 20190320205622.0
008 101111s1944----mx-#######---#000-0#spa-#
041 _aspa
044 _amx
050 4 _aCT185
_b.J85 1944
245 1 0 _aEgregios
_cAlfonso Junco
260 _aMéxico
_bJus
_c1944
300 _a314 p.
_c21 cm.
440 0 _aEstudios biográficos
_v1
_917093
500 _aO48
650 1 4 _aBiografía
_917094
700 1 _aJunco, Alfonso
_917095
902 _aGFM
942 _2lcc
_cB
999 _c6542
_d6542